000 00708cab a2200241 4500
001 WB3209-52
008 090401t1996 xxu||||| |||| 00| 0 eng d
035 _a(Sirsi) u40398
041 _aeng
245 _aBayliss report
260 _c1996
350 _a0
490 _aRICS Press Release
_v(PR22/96COMM) 16 February 1996
490 _aDaily Mail
_v26 February 1996, 39
490 _aEstates Gazette
_v(9609) 2 March 1996, 40(5)
520 _aSummarises the recommendations of the Bayliss report on the Uniform Business Rate.
650 _aBAYLISS REPORT
650 _aBUSINESS RATES
650 _aUNIFORM BUSINESS RATE
690 _aRATING AND VALUATION
942 _n0
948 _c04/03/1997
999 _c25890
_d25890